000
00242nam a22001097a 4500
082
_a
624.1 CLA'M
100
_a
CLARK, D. A. R
_9
58835
245
_a
MATERIALS AND STRUCTURES
260
_a
LONDON
_b
BLACKIE
_c
1960
300
_a
388P
942
_c
BK
999
_c
568939
_d
568939